15 Największych państw w europie - Statystyki

Ogólne statystyki
  • Ten quiz został rozwiązany 61 razy
  • Średni wynik to 14 z 15
Statystyki odpowiedzi
Powierzchnia Państwo % Poprawnych
547 000 km2 Francja
100%
505 000 km2 Hiszpania
100%
312 700 km2 Polska
100%
3,9 mln km2 Rosja
100%
338 000 km2 Finlandia
97%
357 000 km2 Niemcy
97%
450 000 km2 Szwecja
97%
301 300 km2 Włochy
97%
385 000 km2 Norwegia
94%
238 397 km2 Rumunia
94%
603 600 km2 Ukraina
94%
243 600 km2 Wielka Brytania
94%
131 957 km2 Grecja
91%
207 600 km2 Białoruś
83%
110 994 km2 Bułgaria
83%
Nie znaleziono quizów pasujących do podanych kryteriów
Rozkład punktacji
Procent ludzi z każdym wynikiem
Percentyl według liczby udzielonych odpowiedzi
Twoja historia wyników
Nie rozwiązałeś tego quizu